<?xml version="1.0" encoding="UTF-8"?>
<record
    xmlns:xsi="http://www.w3.org/2001/XMLSchema-instance"
    xsi:schemaLocation="http://www.loc.gov/MARC21/slim http://www.loc.gov/standards/marcxml/schema/MARC21slim.xsd"
    xmlns="http://www.loc.gov/MARC21/slim">

  <leader>00514    a2200157   4500</leader>
  <datafield tag="952" ind1=" " ind2=" ">
    <subfield code="0">0</subfield>
    <subfield code="1">0</subfield>
    <subfield code="2">ddc</subfield>
    <subfield code="4">0</subfield>
    <subfield code="7">0</subfield>
    <subfield code="8">MALABAR</subfield>
    <subfield code="a">MES</subfield>
    <subfield code="b">MES</subfield>
    <subfield code="c">MALABAR</subfield>
    <subfield code="d">2021-10-21</subfield>
    <subfield code="e">39</subfield>
    <subfield code="g">120.00</subfield>
    <subfield code="l">8</subfield>
    <subfield code="m">4</subfield>
    <subfield code="o">954.83 KAR/A</subfield>
    <subfield code="p">41279</subfield>
    <subfield code="r">2025-03-14 12:24:32</subfield>
    <subfield code="s">2025-03-03</subfield>
    <subfield code="t">1</subfield>
    <subfield code="v">120.00</subfield>
    <subfield code="w">2021-10-21</subfield>
    <subfield code="y">BK</subfield>
    <subfield code="z">GL35R2</subfield>
  </datafield>
  <datafield tag="952" ind1=" " ind2=" ">
    <subfield code="0">0</subfield>
    <subfield code="1">0</subfield>
    <subfield code="2">ddc</subfield>
    <subfield code="4">0</subfield>
    <subfield code="7">0</subfield>
    <subfield code="8">MALABAR</subfield>
    <subfield code="a">MES</subfield>
    <subfield code="b">MES</subfield>
    <subfield code="c">MALABAR</subfield>
    <subfield code="d">2021-10-21</subfield>
    <subfield code="e">39</subfield>
    <subfield code="g">120.00</subfield>
    <subfield code="l">2</subfield>
    <subfield code="o">954.83 KAR/A</subfield>
    <subfield code="p">41281</subfield>
    <subfield code="r">2024-01-16 12:32:02</subfield>
    <subfield code="s">2024-01-04</subfield>
    <subfield code="t">3</subfield>
    <subfield code="v">120.00</subfield>
    <subfield code="w">2021-10-21</subfield>
    <subfield code="y">BK</subfield>
    <subfield code="z">GL35R2</subfield>
  </datafield>
  <datafield tag="952" ind1=" " ind2=" ">
    <subfield code="0">0</subfield>
    <subfield code="1">0</subfield>
    <subfield code="2">ddc</subfield>
    <subfield code="4">0</subfield>
    <subfield code="7">0</subfield>
    <subfield code="8">MALABAR</subfield>
    <subfield code="a">MES</subfield>
    <subfield code="b">MES</subfield>
    <subfield code="c">MALABAR</subfield>
    <subfield code="d">2021-10-21</subfield>
    <subfield code="e">39</subfield>
    <subfield code="g">120.00</subfield>
    <subfield code="l">3</subfield>
    <subfield code="m">1</subfield>
    <subfield code="o">954.83 KAR/A</subfield>
    <subfield code="p">41280</subfield>
    <subfield code="r">2025-03-28 11:19:40</subfield>
    <subfield code="s">2025-03-04</subfield>
    <subfield code="t">2</subfield>
    <subfield code="v">120.00</subfield>
    <subfield code="w">2021-10-21</subfield>
    <subfield code="y">BK</subfield>
    <subfield code="z">GL35R2</subfield>
  </datafield>
  <datafield tag="999" ind1=" " ind2=" ">
    <subfield code="c">41362</subfield>
    <subfield code="d">41362</subfield>
  </datafield>
  <controlfield tag="003">OSt</controlfield>
  <controlfield tag="005">20211022103958.0</controlfield>
  <controlfield tag="008">211022b           ||||| |||| 00| 0 eng d</controlfield>
  <datafield tag="040" ind1=" " ind2=" ">
    <subfield code="c">oclc</subfield>
  </datafield>
  <datafield tag="082" ind1=" " ind2=" ">
    <subfield code="a">954.83</subfield>
    <subfield code="b">KAR/A</subfield>
  </datafield>
  <datafield tag="100" ind1=" " ind2=" ">
    <subfield code="9">2123</subfield>
    <subfield code="a">Kareem, K K Muhammed Abdul </subfield>
  </datafield>
  <datafield tag="245" ind1=" " ind2=" ">
    <subfield code="a">Ali Musliyar, KM Moulaviyude Qilafath Smaranakal /</subfield>
    <subfield code="c">K K Muhammed Abdul Kareem</subfield>
  </datafield>
  <datafield tag="260" ind1=" " ind2=" ">
    <subfield code="a">Thirurangadi:</subfield>
    <subfield code="b">C H Muhammed &amp; Sons,</subfield>
    <subfield code="c">2021.</subfield>
  </datafield>
  <datafield tag="300" ind1=" " ind2=" ">
    <subfield code="a">106 pages</subfield>
  </datafield>
  <datafield tag="942" ind1=" " ind2=" ">
    <subfield code="2">ddc</subfield>
    <subfield code="c">BK</subfield>
    <subfield code="h">954.83</subfield>
    <subfield code="i">KAR/A</subfield>
    <subfield code="k">954.83</subfield>
    <subfield code="m">KAR/A</subfield>
  </datafield>
</record>
